Statistics for Countries of South America by Flag-Shape

Click here to take the quiz!

General Stats

  • This quiz has been taken 86 times
  • The average score is 11 of 12

Answer Stats

Answer% Correct
Brazil
100%
Argentina
99%
Chile
99%
Colombia
96%
Uruguay
96%
Ecuador
93%
Paraguay
93%
Venezuela
93%
Peru
92%
Bolivia
91%
Guyana
91%
Suriname
88%

Score Distribution

Percentile by Number Answered

Percent of People with Each Score

Your Score History

You have not taken this quiz